| 000 | 00775cam a2200289 4500 | ||
|---|---|---|---|
| 001 | J96025 | ||
| 008 | 090401t1998 xxu||||| |||| 00| 0 eng d | ||
| 020 | _a1851120718 | ||
| 035 | _a(Sirsi) u90664 | ||
| 041 | _aeng | ||
| 050 | _a711.58 | ||
| 110 |
_aUnited Kingdom _bDepartment of the Environment, Transport and the Regions _93507 |
||
| 245 | _aUse of density in urban planning. | ||
| 260 |
_aLondon _bDETR _c1998 |
||
| 300 | _a74p. : ill. ; 30cm. | ||
| 350 | _a25 | ||
| 490 | _aPlanning Research Programme | ||
| 650 | _aHOUSING DENSITY | ||
| 650 | _aHOUSING DESIGN | ||
| 650 | _aPLANNING POLICY | ||
| 650 | _aRESIDENTIAL DENSITY | ||
| 650 | _aSUSTAINABLE DEVELOPMENT | ||
| 650 | _aURBAN AREAS | ||
| 690 | _aHOUSING | ||
| 942 | _n0 | ||
| 948 | _c12/01/1999 | ||
| 999 |
_c97572 _d97572 |
||